000 00622nam a22001697a 4500
005 20251108165216.0
008 250721s1988 xx 000 0 ara d
082 1 4 _a913.565/موم
100 1 _aالمومني، سعد محمد
245 1 0 _aالقلاع الإسلامية في الأردن :
_bالفترة الأيوبيه و المملوكيه ؛ دراسة تاريخيه أثريه إستراتيجيه /
264 1 _aعمان :
_bدار البشير للنشر و التوزيع،
_c1988.
300 _a491ص : مص
650 1 7 _aالآثار
650 1 7 _aالأردن
942 _2ddc
_cBK
999 _c22155
_d22155